Loading...
| Current Events | 1 | 10.00 | 0% | 100% | 0% |
| Fine Arts - Classical Music | 8 | 17.50 | 88% | 63% | 25% |
| Fine Arts - Other | 8 | 15.00 | 75% | 38% | 38% |
| Fine Arts - Painting & Sculpture | 10 | 13.00 | 80% | 50% | 0% |
| Geography | 3 | 10.00 | 67% | 33% | 0% |
| History - American | 7 | 12.86 | 86% | 43% | 0% |
| History - European | 6 | 10.00 | 100% | 0% | 0% |
| History - Other | 8 | 12.50 | 100% | 25% | 0% |
| History - World | 6 | 10.00 | 83% | 17% | 0% |
| Literature - American | 8 | 15.00 | 100% | 50% | 0% |
| Literature - British | 7 | 14.29 | 100% | 29% | 14% |
| Literature - European | 7 | 15.71 | 100% | 57% | 0% |
| Literature - World | 7 | 15.71 | 86% | 57% | 14% |
| Mythology | 3 | 10.00 | 100% | 0% | 0% |
| Other Academic | 4 | 12.50 | 75% | 50% | 0% |
| Philosophy | 6 | 11.67 | 67% | 50% | 0% |
| Religion | 10 | 12.00 | 100% | 20% | 0% |
| Science - Biology | 7 | 5.71 | 57% | 0% | 0% |
| Science - Chemistry | 9 | 11.11 | 67% | 44% | 0% |
| Science - Other | 7 | 10.00 | 86% | 14% | 0% |
| Science - Physics | 8 | 13.75 | 75% | 63% | 0% |
| Social Science | 11 | 13.64 | 100% | 27% | 9% |